Konkurs Piosenki Turkwizji 2020 - Statystyki

Ogólne statystyki
  • Ten quiz został rozwiązany 15 razy
  • Średni wynik to 11 z 26
Statystyki odpowiedzi
Miejsce Kraj/Region % Poprawnych
12. Turcja
93%
5. Azerbejdżan
71%
8. Niemcy
71%
18. Polska
71%
23. Białoruś
64%
25. Kazachstan
64%
1. Ukraina
64%
19. Albania
57%
3. Bośnia i Hercegowina
57%
7. Mołdawia
57%
22. Rumunia
57%
13. Serbia
57%
16. Kirgistan
50%
20. Macedonia Północna
50%
21. Cypr Północny
43%
10. Gagauzja
21%
6. Tatarstan
21%
17. Baszkortostan
14%
11. Chakasja
14%
2. Jakucja
14%
15. Tuwa
14%
24. Nogajowie
7%
9. Obwód moskiewski
7%
4. Obwód tiumeński
7%
26. Turkmeni iraccy
7%
14. Ujgurowie Kazachscy
7%
Nie znaleziono quizów pasujących do podanych kryteriów
Rozkład punktacji
Procent ludzi z każdym wynikiem
Percentyl według liczby udzielonych odpowiedzi
Twoja historia wyników
Nie rozwiązałeś tego quizu